Normal view MARC view

Entry Personal Name

Number of records used in: 1

001 - CONTROL NUMBER

  • control field: 137231

003 - CONTROL NUMBER IDENTIFIER

  • control field: OSt

005 - DATE AND TIME OF LATEST TRANSACTION

  • control field: 20231010151857.0

008 - FIXED-LENGTH DATA ELEMENTS

  • fixed length control field: 231010|| aca||aabn | a|a d

040 ## - CATALOGING SOURCE

  • Original cataloging agency: OSt
  • Transcribing agency: OSt

100 ## - HEADING--PERSONAL NAME

  • Personal name: MATHAYAS (Monika Desa); MATHIAS (MONICA DSA)

670 ## - SOURCE DATA FOUND

  • Source citation: Work cat.: (OSt)211725: MATHAYAS (Monika Desa); MATHIAS (MONICA DSA), Navi disha: motvyon kaniyo, 2020